[Event "Chinese Chess League 2019"]
[Site "Shen Yang"]
[Date "2019.11.22"]
[Round "17.28"]
[White "Wei, Yi"]
[Black "Wang, Hao"]
[Result "1/2-1/2"]
[WhiteElo "2724"]
[BlackElo "2752"]
[Annotator "TA"]
[PlyCount "56"]
[EventDate "2019.04.09"]
[EventType "team-tourn"]
[EventCountry "CHN"]
[SourceTitle "playchess.com"]
[Source "ChessBase"]
[SourceQuality "1"]

{[%evp 17,56,27,22,18,17,6,13,14,24,0,0,0,0,0,0,0,7,0,0,0,0,0,0,0,0,0,0,0,0,0,0,0,0,0,0,0,0,0,0,0,4]} 1. e4 e5 2. Nf3 Nf6 3. Nxe5 d6 4. Nf3 Nxe4 5. d4 d5 6. Bd3 Bd6 7. O-O O-O 8. c4 c6 9. Re1 Bf5 10. Ng5 {[%cal Rd3e4] C42: Petroff Defence: 3 Nxe5 and unusual White 3rd moves} (10. Qb3 Qd7 11. Nc3 Nxc3 12. Bxf5 Qxf5 13. bxc3 b6 14. Bg5 dxc4 15. Qxc4 b5 16. Qb3 Nd7 17. Be7 Bxe7 18. Rxe7 {½-½ (30) Naiditsch,A (2695)-Wang,H (2726) China 2019}) 10... Re8 11. Bxe4 dxe4 12. Nc3 Nd7 13. c5 Bc7 $1 {The position is equal.} 14. Qb3 Re7 15. Ngxe4 h6 16. Bd2 b6 17. Nd6 Bxd6 18. cxd6 Rxe1+ $1 19. Rxe1 {And now Qc4 would win.} Qf6 $1 20. Re7 {[#]} Rf8 $146 21. Ne4 Bxe4 $1 22. Rxd7 Qxd4 23. Qe3 $36 {[%mdl 2048] White has the initiative.} Qd5 24. f3 Bf5 25. Rxa7 Qxd6 26. Qf4 Qc5+ 27. Qe3 Qd6 28. Qf4 Qc5+ 1/2-1/2

[Event "Chinese Chess League 2019"]
[Site "Shen Yang"]
[Date "2019.11.22"]
[Round "17.29"]
[White "Li, Xueyi"]
[Black "Shen, Yang"]
[Result "1/2-1/2"]
[WhiteElo "2270"]
[BlackElo "2410"]
[Annotator "ChessBase"]
[PlyCount "61"]
[EventDate "2019.04.09"]
[EventType "team-tourn"]
[EventCountry "CHN"]
[SourceTitle "playchess.com"]
[Source "ChessBase"]
[SourceQuality "1"]
[TimeControl "5400+30"]

1. d4 {[%emt 0:00:00]} d5 {[%emt 0:00:00]} 2. c4 {[%emt 0:00:13]} dxc4 {[%emt 0:01:47]} 3. Nf3 {[%emt 0:02:12]} Nf6 {[%emt 0:00:34]} 4. e3 {[%emt 0:03:11]} e6 {[%emt 0:00:13]} 5. Bxc4 {[%emt 0:00:42]} c5 {[%emt 0:00:25]} 6. O-O {[%emt 0:03:12]} a6 {[%emt 0:00:12]} 7. Nc3 {[%emt 0:02:33]} Nc6 {[%emt 0:03:56]} 8. Bb3 {[%emt 0:02:45]} Be7 {[%emt 0:00:46]} 9. Qe2 {[%emt 0:03:01]} cxd4 {[%emt 0:00:22]} 10. Rd1 {[%emt 0:00:06]} e5 {[%emt 0:00:12]} 11. exd4 {[%emt 0:00:24]} exd4 {[%emt 0:00:12]} 12. Ne5 {[%emt 0:00:42]} Nxe5 {[%emt 0:00:17]} 13. Qxe5 {[%emt 0:00:06]} Qd6 {[%emt 0:00:34]} 14. Qxd6 {[%emt 0:00:32]} Bxd6 {[%emt 0:00:11]} 15. Rxd4 {[%emt 0:00:06]} Be5 {[%emt 0:00:48]} 16. Rb4 {[%emt 0:00:31]} O-O {[%emt 0:00:58]} 17. Bf4 {[%emt 0:00:08]} a5 {[%emt 0:04:22]} 18. Rc4 {[%emt 0:00:08]} Bxf4 {[%emt 0:00:45]} 19. Rxf4 {[%emt 0:00:06]} Ra6 {[%emt 0:00:38]} 20. Re1 {[%emt 0:01:43]} Be6 {[%emt 0:02:38]} 21. Bxe6 {[%emt 0:02:35]} Rxe6 {[%emt 0:00:13]} 22. Rxe6 {[%emt 0:00:11]} fxe6 {[%emt 0:00:07]} 23. Ra4 {[%emt 0:00:21]} b6 {[%emt 0:00:14]} 24. Kf1 {[%emt 0:00:22]} Rc8 {[%emt 0:01:08]} 25. Ke2 {[%emt 0:00:14]} Kf7 {[%emt 0:00:10]} 26. Kd3 {[%emt 0:00:12]} Ke7 {[%emt 0:00:09]} 27. Rc4 {[%emt 0:00:10]} Rd8+ {[%emt 0:00:50]} 28. Rd4 {[%emt 0:00:06]} Rc8 {[%emt 0:00:16]} 29. Rc4 {[%emt 0:00:08]} Rd8+ {[%emt 0:00:13]} 30. Rd4 {[%emt 0:00:08]} Rc8 {[%emt 0:00:06]} 31. Rc4 {[%emt 0:00:14]} 1/2-1/2

[Event "Chinese Chess League 2019"]
[Site "Shen Yang"]
[Date "2019.11.22"]
[Round "17.30"]
[White "Dzagnidze, Nana"]
[Black "Guo, Qi"]
[Result "1/2-1/2"]
[WhiteElo "2502"]
[BlackElo "2403"]
[Annotator "ChessBase"]
[PlyCount "73"]
[EventDate "2019.04.09"]
[EventType "team-tourn"]
[EventCountry "CHN"]
[SourceTitle "playchess.com"]
[Source "ChessBase"]
[SourceQuality "1"]
[TimeControl "5400+30"]

1. c4 {[%emt 0:00:00]} e6 {[%emt 0:00:00]} 2. Nf3 {[%emt 0:00:00]} d5 {[%emt 0:00:00]} 3. e3 {[%emt 0:00:03]} Nf6 {[%emt 0:00:00]} 4. Nc3 {[%emt 0:00:11]} c5 {[%emt 0:01:42]} 5. d4 {[%emt 0:00:17]} dxc4 {[%emt 0:02:49]} 6. Bxc4 {[%emt 0:00:20]} a6 {[%emt 0:00:07]} 7. O-O {[%emt 0:01:15]} b5 {[%emt 0:05:28]} 8. Be2 {[%emt 0:00:05]} Bb7 {[%emt 0:01:44]} 9. b3 {[%emt 0:09:24]} Nbd7 {[%emt 0:02:13]} 10. Bb2 {[%emt 0:01:16]} Be7 {[%emt 0:00:09]} 11. a4 {[%emt 0:03:15]} cxd4 {[%emt 0:05:20]} 12. Nxd4 {[%emt 0:00:09]} b4 {[%emt 0:04:21]} 13. Nb1 {[%emt 0:00:32]} O-O {[%emt 0:00:06]} 14. Nd2 {[%emt 0:00:40]} a5 {[%emt 0:02:14]} 15. Bf3 {[%emt 0:30:32]} Nd5 {[%emt 0:05:16]} 16. Rc1 {[%emt 0:02:17]} Bf6 {[%emt 0:01:47]} 17. Nc4 {[%emt 0:12:55]} Qb8 {[%emt 0:05:15]} 18. Nb5 {[%emt 0:05:18]} Ne5 {[%emt 0:09:46]} 19. Bxe5 {[%emt 0:05:02]} Bxe5 {[%emt 0:00:25]} 20. Nxe5 {[%emt 0:04:33]} Qxe5 {[%emt 0:00:07]} 21. Rc5 {[%emt 0:00:11]} Rac8 {[%emt 0:04:25]} 22. Qd4 {[%emt 0:02:09]} Qb8 {[%emt 0:01:01]} 23. Na7 {[%emt 0:08:28]} e5 {[%emt 0:08:36]} 24. Rxc8 {[%emt 0:00:30]} Rxc8 {[%emt 0:00:48]} 25. Qd3 {[%emt 0:02:38]} Qxa7 {[%emt 0:08:14]} 26. Bxd5 {[%emt 0:00:07]} Bxd5 {[%emt 0:00:04]} 27. Qxd5 {[%emt 0:00:04]} Qc5 {[%emt 0:00:13]} 28. Qd7 {[%emt 0:02:23]} Qc7 {[%emt 0:02:20]} 29. Qxc7 {[%emt 0:01:20]} Rxc7 {[%emt 0:00:04]} 30. Rd1 {[%emt 0:00:03]} f6 {[%emt 0:00:08]} 31. Kf1 {[%emt 0:01:33]} Rc3 {[%emt 0:00:26]} 32. Rd5 {[%emt 0:00:11]} Rxb3 {[%emt 0:00:04]} 33. Rxa5 {[%emt 0:00:03]} Ra3 {[%emt 0:00:22]} 34. Ra8+ {[%emt 0:01:32]} Kf7 {[%emt 0:00:05]} 35. a5 {[%emt 0:00:03]} b3 {[%emt 0:00:06]} 36. Rb8 {[%emt 0:00:04]} Rxa5 {[%emt 0:00:07]} 37. Rxb3 {[%emt 0:00:06]} 1/2-1/2

[Event "Chinese Chess League 2019"]
[Site "Shen Yang"]
[Date "2019.11.23"]
[Round "18.1"]
[White "Wen, Yang"]
[Black "Ganguly, Surya Shekhar"]
[Result "1-0"]
[WhiteElo "2586"]
[BlackElo "2644"]
[Annotator "TA"]
[PlyCount "41"]
[EventDate "2019.04.09"]
[EventType "team-tourn"]
[EventCountry "CHN"]
[SourceTitle "playchess.com"]
[Source "ChessBase"]
[SourceQuality "1"]

{[%evp 10,47,15,6,17,0,17,0,0,0,5,8,16,13,15,12,50,0,0,0,36,42,285,280,362,352,462,470,614,589,1090,1084,1089,1037,29993,29994,29994,29995,29995,29996]} 1. e4 e6 2. d4 d5 3. exd5 exd5 4. Nf3 Nc6 5. Nc3 Bb4 6. Bd3 Nge7 {C01: French: Exchange Variation} 7. O-O Bg4 8. a3 {[%cal Ba2a3,Ba3a4,Ba4a5,Ba5a6][%mdl 32]} (8. h3 Bh5 9. a3 Bd6 10. Re1 Bxf3 11. Qxf3 Nxd4 12. Qxd5 c6 13. Qh5 Qd7 14. Ne4 Ne6 15. Bh6 Qc7 16. Bc4 Bh2+ 17. Kh1 Qe5 18. Ng5 {1-0 (18) Rapport,R (2686)-Bluebaum,M (2643) Germany 2018}) 8... Bxc3 {The position is equal.} 9. bxc3 Qd7 10. h3 Bf5 11. a4 $146 ({Predecessor:} 11. c4 Bxd3 12. Qxd3 dxc4 13. Qxc4 O-O 14. Bf4 Rad8 {1-0 (67) Sanz Alonso,F-Rogers,I (2400) Buenos Aires 1978}) 11... f6 12. a5 O-O 13. a6 b6 14. Ba3 Rfe8 15. Bb5 g5 $2 {[#]} (15... Be6 $14) 16. c4 $1 $18 Rad8 17. Re1 Be6 18. c3 Ng6 19. Qa4 Bxh3 {( -> ...Qg4!)} 20. Bxc6 Qg4 21. Rxe8+ {Played: Bc6xd5} 1-0

[Event "Chinese Chess League 2019"]
[Site "Shen Yang"]
[Date "2019.11.23"]
[Round "18.2"]
[White "Liu, Qingnan"]
[Black "Wei, Yi"]
[Result "0-1"]
[WhiteElo "2535"]
[BlackElo "2724"]
[Annotator "TA"]
[PlyCount "52"]
[EventDate "2019.04.09"]
[EventType "team-tourn"]
[EventCountry "CHN"]
[SourceTitle "playchess.com"]
[Source "ChessBase"]
[SourceQuality "1"]

{[%evp 18,52,-12,-18,-5,-30,-42,-43,-49,-111,-111,-125,-54,-126,-135,-124,-118,-184,-177,-171,-168,-174,-161,-365,-379,-364,-381,-380,-360,-360,-302,-295,-290,-275,-244,-29986,-29987]} 1. e4 c5 2. f4 g6 3. Nf3 Bg7 4. Nc3 Nc6 5. Bb5 Nd4 6. O-O a6 7. Bd3 d6 8. Nxd4 cxd4 9. Ne2 Nf6 10. Kh1 e5 {B23: Closed Sicilian: Lines without g3} 11. c3 O-O 12. cxd4 exd4 {Black is slightly better.} 13. Nxd4 ({Better is} 13. Bc2 $15) 13... Re8 $17 14. Qf3 {[#]} Qe7 $146 (14... Bg4 $17 15. Qg3 Bc8) ({Predecessor:} 14... Qb6 15. Nc2 Bd7 16. f5 Bc6 17. fxg6 hxg6 18. b3 Bxe4 19. Bxe4 Nxe4 {0-1 (47) Lilov,V (2409)-Iotov,V (2575) Plovdiv 2010}) 15. Nc2 ({White should play} 15. f5 $1 $15) 15... Bg4 16. Qg3 Bd7 17. Re1 (17. e5 $17 {keeps fighting.} dxe5 18. fxe5) 17... Bc6 $19 18. e5 dxe5 19. fxe5 Nh5 $36 {[%mdl 2048] White is under strong pressure.} 20. Qg4 $2 {[#]} (20. Qf2) 20... Bxe5 21. Bxg6 hxg6 ({Less strong is} 21... fxg6 22. d4 $19) 22. d4 f5 23. Qh3 Be4 24. Rxe4 fxe4 25. dxe5 Rad8 {( -> ...Rd1+)} 26. g4 $2 {[#]} (26. Bh6 $19) 26... Rd1+ {Accuracy: White = 39%, Black = 76%.} 0-1

[Event "Chinese Chess League 2019"]
[Site "Shen Yang"]
[Date "2019.11.23"]
[Round "18.3"]
[White "Zhao, Jun"]
[Black "Chen, Qi b"]
[Result "1/2-1/2"]
[WhiteElo "2641"]
[BlackElo "2436"]
[Annotator "ChessBase"]
[PlyCount "60"]
[EventDate "2019.04.09"]
[EventType "team-tourn"]
[EventCountry "CHN"]
[SourceTitle "playchess.com"]
[Source "ChessBase"]
[SourceQuality "1"]
[TimeControl "5400+30"]

1. d4 {[%emt 0:00:00]} Nf6 {[%emt 0:00:21]} 2. c4 {[%emt 0:00:03]} e6 {[%emt 0:02:47]} 3. Nf3 {[%emt 0:03:07]} d5 {[%emt 0:00:16]} 4. Bg5 {[%emt 0:00:36]} dxc4 5. Qa4+ {[%emt 0:06:04]} Nbd7 6. Nc3 {[%emt 0:12:02]} a6 {[%emt 0:10:22]} 7. e3 {[%emt 0:05:13]} Be7 {[%emt 0:14:24]} 8. Bxc4 {[%emt 0:01:48]} O-O {[%emt 0:03:31]} 9. Qc2 {[%emt 0:07:24]} h6 {[%emt 0:13:21]} 10. Bxf6 {[%emt 0:00:28]} Nxf6 {[%emt 0:00:00]} 11. O-O {[%emt 0:16:08]} b5 {[%emt 0:01:07]} 12. Bd3 {[%emt 0:00:00]} Bb7 {[%emt 0:01:39]} 13. Ne4 {[%emt 0:04:57]} Rc8 {[%emt 0:04:07]} 14. Rfd1 {[%emt 0:00:00]} c5 {[%emt 0:11:06]} 15. Nxf6+ {[%emt 0:10:33]} gxf6 {[%emt 0:03:02]} 16. dxc5 {[%emt 0:00:15]} Qa5 {[%emt 0:01:42]} 17. Qb1 {[%emt 0:09:06]} Qb4 {[%emt 0:08:20]} 18. Nd4 {[%emt 0:00:43]} f5 {[%emt 0:04:09]} 19. a4 {[%emt 0:04:11]} bxa4 {[%emt 0:01:12]} 20. c6 {[%emt 0:04:03]} Bxc6 {[%emt 0:05:12]} 21. Bxa6 {[%emt 0:03:16]} Be4 {[%emt 0:02:36]} 22. Qa2 {[%emt 0:00:00]} Ra8 {[%emt 0:02:46]} 23. Bc4 {[%emt 0:00:00]} a3 {[%emt 0:01:06]} 24. bxa3 {[%emt 0:00:00]} Rxa3 {[%emt 0:00:06]} 25. Qxa3 {[%emt 0:00:05]} Qxa3 {[%emt 0:00:03]} 26. Rxa3 {[%emt 0:00:05]} Bxa3 {[%emt 0:00:01]} 27. Bd3 {[%emt 0:00:27]} Ba8 {[%emt 0:02:30]} 28. Be2 {[%emt 0:01:22]} Rd8 {[%emt 0:04:32]} 29. Nc2 {[%emt 0:00:28]} Rxd1+ {[%emt 0:00:00]} 30. Bxd1 {[%emt 0:03:05]} Bc5 {[%emt 0:00:00]} 1/2-1/2

[Event "Chinese Chess League 2019"]
[Site "Shen Yang"]
[Date "2019.11.23"]
[Round "18.4"]
[White "Shen, Yang"]
[Black "Ning, Kaiyu"]
[Result "0-1"]
[WhiteElo "2410"]
[BlackElo "2330"]
[Annotator "ChessBase"]
[PlyCount "170"]
[EventDate "2019.04.09"]
[EventType "team-tourn"]
[EventCountry "CHN"]
[SourceTitle "playchess.com"]
[Source "ChessBase"]
[SourceQuality "1"]
[TimeControl "5400+30"]

1. d4 {[%emt 0:00:00]} d5 {[%emt 0:00:00]} 2. Bf4 {[%emt 0:00:00]} c5 {[%emt 0:00:14]} 3. e3 {[%emt 0:00:14]} Nc6 {[%emt 0:00:11]} 4. c3 {[%emt 0:00:16]} Nf6 {[%emt 0:00:21]} 5. Nd2 {[%emt 0:00:56]} Bf5 {[%emt 0:01:27]} 6. Qb3 {[%emt 0:07:12]} Qc8 {[%emt 0:00:39]} 7. dxc5 {[%emt 0:02:35]} e6 {[%emt 0:17:57]} 8. Ngf3 {[%emt 0:12:16]} Bxc5 {[%emt 0:00:09]} 9. Nd4 {[%emt 0:05:54]} Bg6 {[%emt 0:00:19]} 10. Bb5 {[%emt 0:01:14]} O-O {[%emt 0:06:28]} 11. Bxc6 {[%emt 0:05:08]} bxc6 {[%emt 0:00:07]} 12. Qa4 {[%emt 0:00:07]} Bxd4 {[%emt 0:21:11]} 13. cxd4 {[%emt 0:00:15]} Bd3 {[%emt 0:01:11]} 14. Rc1 {[%emt 0:02:01]} Bb5 {[%emt 0:00:47]} 15. Qd1 {[%emt 0:01:24]} a5 {[%emt 0:05:32]} 16. a4 {[%emt 0:02:42]} Ba6 {[%emt 0:00:02]} 17. f3 {[%emt 0:00:20]} Nd7 {[%emt 0:07:29]} 18. Qc2 {[%emt 0:07:08]} Bb7 {[%emt 0:01:37]} 19. O-O {[%emt 0:01:11]} f6 {[%emt 0:00:36]} 20. Bd6 {[%emt 0:00:20]} Re8 {[%emt 0:00:29]} 21. f4 {[%emt 0:04:05]} f5 {[%emt 0:00:53]} 22. Be5 {[%emt 0:01:33]} Qd8 {[%emt 0:04:15]} 23. Qc3 {[%emt 0:04:11]} Nb6 {[%emt 0:01:19]} 24. b3 {[%emt 0:02:03]} Nd7 {[%emt 0:00:36]} 25. Rc2 {[%emt 0:02:54]} Rc8 {[%emt 0:00:48]} 26. b4 {[%emt 0:05:12]} Ba6 {[%emt 0:06:23]} 27. Rfc1 {[%emt 0:01:02]} Nxe5 {[%emt 0:00:38]} 28. dxe5 {[%emt 0:02:45]} g5 {[%emt 0:04:26]} 29. Qd4 {[%emt 0:01:59]} gxf4 {[%emt 0:02:41]} 30. exf4 {[%emt 0:00:01]} axb4 {[%emt 0:04:29]} 31. Qxb4 {[%emt 0:03:14]} Qc7 {[%emt 0:06:03]} 32. Qd4 {[%emt 0:02:56]} Re7 {[%emt 0:01:47]} 33. Rc3 {[%emt 0:01:03]} Rg7 {[%emt 0:00:05]} 34. Qc5 {[%emt 0:01:12]} Qf7 {[%emt 0:00:37]} 35. Qb6 {[%emt 0:01:16]} Bb7 {[%emt 0:00:11]} 36. Rg3 {[%emt 0:01:33]} Rxg3 {[%emt 0:00:07]} 37. hxg3 {[%emt 0:00:02]} Qg7 {[%emt 0:01:29]} 38. Nf3 {[%emt 0:03:46]} Qe7 {[%emt 0:00:20]} 39. Rc5 {[%emt 0:02:09]} Ra8 {[%emt 0:00:01]} 40. a5 {[%emt 0:00:21]} Ra6 {[%emt 0:00:56]} 41. Qb4 {[%emt 0:00:02]} h6 {[%emt 0:00:10]} 42. Nd4 {[%emt 0:00:08]} Kf7 {[%emt 0:00:01]} 43. Kf2 {[%emt 0:00:34]} Ba8 {[%emt 0:00:41]} 44. Qc3 {[%emt 0:00:19]} Qb7 {[%emt 0:00:10]} 45. Nc2 {[%emt 0:02:13]} Qc7 {[%emt 0:01:15]} 46. Kg1 {[%emt 0:01:09]} h5 {[%emt 0:00:54]} 47. Nd4 {[%emt 0:00:13]} Ke7 {[%emt 0:01:00]} 48. Qa3 {[%emt 0:01:09]} Kd7 {[%emt 0:00:01]} 49. Nb3 {[%emt 0:02:21]} Ra7 {[%emt 0:00:53]} 50. Rc1 {[%emt 0:01:16]} Ke8 {[%emt 0:00:01]} 51. Ra1 {[%emt 0:00:53]} Bb7 {[%emt 0:00:42]} 52. Nc5 {[%emt 0:00:55]} Bc8 {[%emt 0:00:00]} 53. Qf3 {[%emt 0:00:50]} Qf7 {[%emt 0:00:37]} 54. Kf2 {[%emt 0:01:17]} Kd8 {[%emt 0:00:08]} 55. Qb3 {[%emt 0:01:13]} Qc7 {[%emt 0:00:02]} 56. Qb4 {[%emt 0:00:12]} Ke8 {[%emt 0:00:07]} 57. Ra4 {[%emt 0:00:45]} Ra8 {[%emt 0:00:01]} 58. Qb6 {[%emt 0:00:30]} Kd8 {[%emt 0:00:17]} 59. Qb4 {[%emt 0:01:09]} Ke8 {[%emt 0:00:03]} 60. Qb6 {[%emt 0:04:13]} Kd8 {[%emt 0:00:01]} 61. Ke3 {[%emt 0:00:14]} Rb8 {[%emt 0:00:07]} 62. Qxc7+ {[%emt 0:00:12]} Kxc7 {[%emt 0:00:01]} 63. a6 {[%emt 0:00:18]} Ra8 {[%emt 0:00:21]} 64. Kd4 {[%emt 0:00:07]} Kb6 {[%emt 0:00:17]} 65. Ra1 {[%emt 0:00:31]} Bxa6 {[%emt 0:01:55]} 66. Nxe6 {[%emt 0:00:13]} Rg8 {[%emt 0:01:41]} 67. Nc5 {[%emt 0:00:57]} Bc8 {[%emt 0:00:18]} 68. Ra3 {[%emt 0:01:58]} Rg6 {[%emt 0:00:01]} 69. Re3 {[%emt 0:00:41]} Rg8 {[%emt 0:01:12]} 70. e6 {[%emt 0:00:18]} Rd8 {[%emt 0:00:33]} 71. Re1 {[%emt 0:01:01]} Kc7 {[%emt 0:01:04]} 72. Ke5 {[%emt 0:00:41]} d4 {[%emt 0:00:01]} 73. e7 {[%emt 0:00:13]} Re8 {[%emt 0:00:29]} 74. Kf6 {[%emt 0:00:30]} Kd6 {[%emt 0:00:12]} 75. Kf7 {[%emt 0:01:18]} Rxe7+ {[%emt 0:00:15]} 76. Rxe7 {[%emt 0:00:07]} Kxc5 {[%emt 0:00:02]} 77. Rc7 {[%emt 0:00:38]} Ba6 {[%emt 0:00:03]} 78. Kf6 {[%emt 0:00:05]} Bd3 {[%emt 0:00:34]} 79. Ke5 {[%emt 0:00:10]} Be4 {[%emt 0:00:09]} 80. Rh7 {[%emt 0:00:25]} d3 {[%emt 0:00:02]} 81. Rxh5 {[%emt 0:01:52]} d2 {[%emt 0:00:01]} 82. Rh1 {[%emt 0:00:02]} Bc2 {[%emt 0:00:02]} 83. g4 {[%emt 0:00:20]} fxg4 {[%emt 0:00:03]} 84. f5 {[%emt 0:00:09]} d1=Q {[%emt 0:00:04]} 85. Rxd1 {[%emt 0:00:11]} Bxd1 {[%emt 0:00:03] Kd4+} 0-1

[Event "Chinese Chess League 2019"]
[Site "Shen Yang"]
[Date "2019.11.23"]
[Round "18.5"]
[White "Guo, Qi"]
[Black "Stefanova, Antoaneta"]
[Result "1/2-1/2"]
[WhiteElo "2403"]
[BlackElo "2481"]
[Annotator "TA"]
[PlyCount "46"]
[EventDate "2019.04.09"]
[EventType "team-tourn"]
[EventCountry "CHN"]
[SourceTitle "playchess.com"]
[Source "ChessBase"]
[SourceQuality "1"]

{[%evp 9,46,27,22,18,47,43,55,18,81,46,31,39,44,25,35,26,35,34,34,31,55,50,65,65,65,65,65,60,71,64,61,69,67,0,74,0,79,0,82]} 1. d4 d5 2. c4 c6 3. Nf3 Nf6 4. Nc3 a6 5. e3 Bf5 6. Bd3 {D15: Slav Defence: 4 Nc3 a6 and gambit lines after 4 Nc3 dxc4} (6. Qb3 Ra7 7. Nh4 Bc8 8. Bd2 e6 9. c5 Nbd7 10. Nf3 e5 11. Nxe5 Nxe5 12. dxe5 Nd7 13. Na4 Bxc5 14. Nxc5 Nxc5 {0-1 (84) Radjabov,T (2757)-Fedoseev,V (2724) Wijk aan Zee 2019}) 6... g6 7. O-O Bg7 8. a4 {White is slightly better.} (8. Bxf5 {keeps more tension.} gxf5 9. Qb3 Ra7 10. Qc2 e6 11. b3) 8... a5 $146 (8... Bxd3 $11 {remains equal.} 9. Qxd3 O-O) ({Predecessor:} 8... O-O 9. b3 Ne4 10. Bb2 Nxc3 11. Bxc3 Nd7 12. Bxf5 gxf5 13. Qd3 e6 14. Rac1 {½-½ (54) Frare,F (2225)-Cubas,J (2424) Santos 2003}) 9. cxd5 Bxd3 10. Qxd3 Nxd5 11. Nxd5 Qxd5 12. e4 Qd7 13. Qb3 O-O 14. Rd1 Qc7 15. Be3 Nd7 16. Rac1 Ra6 17. Qc2 Qb8 18. b3 Rc8 19. h3 Ra8 20. Qd2 Nf6 21. Qc2 Nd7 22. Qd2 Nf6 $1 23. Qc2 Nd7 {Accuracy: White = 60%, Black = 52%.} 1/2-1/2

[Event "Chinese Chess League 2019"]
[Site "Shen Yang"]
[Date "2019.11.23"]
[Round "18.6"]
[White "Riazantsev, Alexander"]
[Black "Xu, Xiangyu"]
[Result "1/2-1/2"]
[WhiteElo "2642"]
[BlackElo "2583"]
[Annotator "TA"]
[PlyCount "46"]
[EventDate "2019.04.09"]
[EventType "team-tourn"]
[EventCountry "CHN"]
[SourceTitle "playchess.com"]
[Source "ChessBase"]
[SourceQuality "1"]

{[%evp 19,46,10,40,-18,-8,-12,1,0,24,0,7,5,8,8,6,0,0,0,0,0,0,0,0,0,0,0,0,0,0]} 1. d4 Nf6 2. c4 g6 3. Nc3 d5 4. cxd5 Nxd5 5. e4 Nxc3 6. bxc3 c5 7. Bc4 Bg7 8. Ne2 Nc6 9. Be3 O-O 10. O-O b6 11. h4 {D87: Exchange Grünfeld: Classical Line: Variations without ...cxd4} (11. dxc5 $14 bxc5 12. Qxd8 (12. Bxc5 Qc7 $11) 12... Rxd8 13. Bxc5) 11... Bb7 $146 ({Predecessor:} 11... e6 12. h5 Qh4 13. hxg6 hxg6 14. f3 cxd4 15. cxd4 Rd8 16. Qd2 Bb7 17. Rad1 Rac8 18. d5 Na5 {½-½ (26) Ivanchuk,V (2769)-Grischuk,A (2754) London 2012}) 12. h5 cxd4 13. cxd4 Rc8 14. Rc1 Na5 {The position is equal.} 15. Bd3 Rxc1 16. Qxc1 Qd7 17. h6 Rc8 18. Qb2 Bf8 19. Rc1 e6 20. f3 Nc6 21. Bc4 Na5 22. Bd3 Nc6 23. Bc4 Na5 {Accuracy: White = 50%, Black = 74%.} 1/2-1/2

[Event "Chinese Chess League 2019"]
[Site "Shen Yang"]
[Date "2019.11.23"]
[Round "18.7"]
[White "Wang, Hao"]
[Black "Zhao, Yuanhe"]
[Result "1-0"]
[WhiteElo "2752"]
[BlackElo "2472"]
[Annotator "TA"]
[PlyCount "65"]
[EventDate "2019.04.09"]
[EventType "team-tourn"]
[EventCountry "CHN"]
[SourceTitle "playchess.com"]
[Source "ChessBase"]
[SourceQuality "1"]

{[%evp 9,65,0,7,0,89,52,94,44,129,129,213,215,227,105,179,132,130,127,122,128,114,116,102,149,146,128,322,333,311,172,152,170,185,177,166,141,161,136,162,131,126,122,124,124,177,160,158,145,159,155,380,377,505,502,495,499,841,823]} 1. c4 e5 2. Nc3 d6 3. Nf3 f5 4. d4 e4 5. Ng5 Be7 (5... c6 6. Qc2 Na6 7. a3 Nc7 8. g3 h6 9. Nh3 g5 10. f3 d5 11. cxd5 cxd5 12. Be3 Bd6 13. O-O-O Ne7 {½-½ (55) Inarkiev,E (2690)-Andreikin,D (2710) Satka 2018}) 6. Nh3 {A21: English Opening: 1...e5 2 Nc3} Be6 (6... c6 $11) 7. Qb3 b6 8. Nf4 {White is better.} Bf7 ({Black should play} 8... Bd7 $1 $14) 9. g4 $146 {[%cal Rg4f5]} ({Predecessor:} 9. Qb5+ Qd7 10. d5 a6 11. Qb3 Nf6 12. g3 O-O 13. Bg2 {1-0 (47) Suomalainen,E-Lappalainen,S (2094) Finland 2010}) 9... Nh6 (9... fxg4 $16 {was worth a try.} 10. Bg2 (10. Nxe4 Nc6 $16) 10... Nc6) 10. gxf5 $18 Nxf5 11. Bg2 (11. Nxe4 Nxd4 12. Qa4+ Nd7 $16) (11. Qc2 $18) 11... c6 (11... Nxd4 $16 12. Qd1 Ne6) 12. Bxe4 Nxd4 13. Qd1 Bf6 14. Be3 Ne6 15. Nxe6 Bxe6 16. Qd3 O-O 17. O-O-O b5 $2 {[#]} (17... Kh8 $16 18. Kb1 (18. Qxd6 Qxd6 19. Rxd6 Bxc4 $16) (18. Bxh7 Na6 $16) 18... Na6) 18. Bxh7+ Kh8 19. Qxd6 ({Resist} 19. cxb5 Qc8 $18) (19. Rhg1 $142) 19... Qxd6 20. Rxd6 Bxc4 21. Be4 b4 22. Na4 Na6 23. Bd3 Bxd3 24. Rxd3 Nc7 25. Nc5 Nd5 26. Bd2 Rae8 (26... Be7 $16 {was necessary.}) 27. e4 Nb6 {intending ...Nc4.} 28. f4 $36 {[%mdl 2048] White has strong initiative.} Nc4 29. e5 Nxd2 $2 {[#]} (29... Bd8 $16 {might work better.}) 30. exf6 ({Weaker is} 30. Kxd2 Bd8 $16) 30... Ne4 31. Rh3+ {White is clearly winning.} Kg8 32. fxg7 Rxf4 (32... Kxg7 $142 33. Rg1+ Kf6) 33. Rg1 {Accuracy: White = 58%, Black = 27%.} 1-0

[Event "Chinese Chess League 2019"]
[Site "Shen Yang"]
[Date "2019.11.23"]
[Round "18.8"]
[White "Xu, Yinglun"]
[Black "Li, Di"]
[Result "1/2-1/2"]
[WhiteElo "2554"]
[BlackElo "2538"]
[Annotator "TA"]
[PlyCount "67"]
[EventDate "2019.04.09"]
[EventType "team-tourn"]
[EventCountry "CHN"]
[SourceTitle "playchess.com"]
[Source "ChessBase"]
[SourceQuality "1"]

{[%evp 11,67,17,13,16,22,31,28,27,33,25,26,24,29,12,4,6,28,26,29,22,1,16,10,0,11,10,7,10,10,11,12,4,10,8,4,11,3,4,27,18,16,12,26,0,0,0,0,0,0,0,0,0,0,0,0,0,0,0]} 1. d4 Nf6 2. c4 g6 3. Nc3 d5 4. Bg5 Bg7 5. Bxf6 Bxf6 6. cxd5 c6 7. e4 {D80: Grünfeld: Unusual White 4th moves and 4 Bg5} cxd5 (7... Bg7 8. dxc6 Nxc6 9. d5 Nd4 10. Nge2 Nxe2 11. Bxe2 Bd7 12. O-O Qb6 13. Qd2 O-O 14. Rfd1 Rfc8 {½-½ (55) Vallejo Pons,F (2698)-Tari,A (2625) chess.com INT 2019}) 8. Bb5+ Bd7 9. Bxd7+ {White has an edge.} Qxd7 10. Nxd5 Bg7 $1 11. Qf3 $146 ({Predecessor:} 11. Ne2 Nc6 12. Qa4 Rd8 13. Rd1 e6 14. Ndc3 Nxd4 15. Nxd4 Qxa4 16. Nxa4 Bxd4 {0-1 (63) Setyukov,R (1916)-Yandemirov,V (2387) Kazan 2017}) 11... O-O 12. Ne2 e6 13. Nf6+ Bxf6 $1 14. Qxf6 Qb5 15. Qf3 Qxb2 16. O-O Nc6 17. Qe3 Rad8 {[%cal Rc6d4]} 18. Rfb1 Qc2 19. Rxb7 Qa4 {[%cal Rc6d4]} 20. d5 {[%mdl 64] [#] Decoy} exd5 21. exd5 Rxd5 {( -> ...Rd1+)} 22. Nc3 Qd4 23. Qxd4 Rxd4 24. Rc7 Nb4 25. Rxa7 Rc8 26. Nd1 Rdc4 27. Kf1 Rc1 {The position is equal.} 28. Rxc1 Rxc1 $11 {[%mdl 4096] Endgame KRN-KRN} 29. Ke2 Rc2+ 30. Ke3 Rxa2 31. Rxa2 Nxa2 32. h4 Nb4 33. Nc3 Nc6 34. g3 {Accuracy: White = 66%, Black = 94%.} 1/2-1/2